[Event "BL2 Ost 1112 (Women)"]
[Site "Germany"]
[Date "2012.02.12"]
[Round "7.4"]
[White "Helmbold, Irene"]
[Black "Neumeyer, Hannelore"]
[Result "1-0"]
[WhiteElo "2022"]
[BlackElo "2041"]
[PlyCount "107"]
[EventDate "2011.10.29"]
[EventType "team-tourn"]
[EventRounds "7"]
[EventCountry "GER"]
[SourceTitle "EXT 2013"]
[Source "ChessBase"]
[SourceDate "2012.11.22"]
[SourceVersion "1"]
[SourceVersionDate "2012.11.22"]
[SourceQuality "1"]
[WhiteTeam "Leipzig SG (W)"]
[BlackTeam "Leipzig Lindenau (W)"]
[WhiteTeamCountry "GER"]
[BlackTeamCountry "GER"]

1. e4 c6 2. d4 d5 3. exd5 cxd5 4. c4 e6 5. Nc3 Nf6 6. Nf3 Nc6 7. Bg5 Be7 8. cxd5 Nxd5 9. Bxe7 Qxe7 10. Bc4 0-0 11. 0-0 Nxc3 12. bxc3 b6 13. Re1 Qc7 14. Bd3 Ne7 15. Rc1 Bb7 16. Ng5 h6 17. Nf3 Qf4 18. Ne5 Qg5 19. Be4 Bxe4 20. Rxe4 Rfd8 21. Rg4 Qf6 22. Rg3 Nf5 23. Rf3 Qg5 24. Rb1 Rac8 25. Rd3 f6 26. Nf3 Qg6 27. Qe2 Rd6 28. Rbd1 Rdc6 29. Qb2 Qf7 30. h3 Ne7 31. Nd2 Nd5 32. c4 Nf4 33. Rf3 Ng6 34. Qb3 Nh4 35. Rf4 Nf5 36. d5 R6c7 37. Re1 Nd6 38. Rxe6 Qd7 39. Rg4 h5 40. Rf4 Rf8 41. Qa3 Rc5 42. Qf3 b5 43. Qe3 Rxc4 44. Nxc4 Nxc4 45. Qc5 Rd8 46. Rd4 Kf7 47. a4 Nb6 48. axb5 Nxd5 49. Ra6 Kg6 50. Rxa7 Qe6 51. Qc2+ Kh6 52. Qd2+ Kg6 53. Ra6 Qe5 54. b6 1-0

[Event "BL2 Ost 1112 (Women)"]
[Site "Germany"]
[Date "2011.12.18"]
[Round "5.3"]
[White "Schulz, Petra"]
[Black "Helmbold, Irene"]
[Result "1-0"]
[WhiteElo "2074"]
[BlackElo "2022"]
[PlyCount "65"]
[EventDate "2011.10.29"]
[EventType "team-tourn"]
[EventRounds "7"]
[EventCountry "GER"]
[SourceTitle "EXT 2013"]
[Source "ChessBase"]
[SourceDate "2012.11.22"]
[SourceVersion "1"]
[SourceVersionDate "2012.11.22"]
[SourceQuality "1"]
[WhiteTeam "Leipzig WBA (W)"]
[BlackTeam "Leipzig SG (W)"]
[WhiteTeamCountry "GER"]
[BlackTeamCountry "GER"]

1. e4 c5 2. Nf3 e6 3. c3 d5 4. exd5 exd5 5. d4 Nf6 6. Be2 Be7 7. 0-0 0-0 8. dxc5 Bxc5 9. Nbd2 Nc6 10. Nb3 Bb6 11. Bg5 Be6 12. Nbd4 h6 13. Bh4 g5 14. Bg3 Ne4 15. Nxe6 fxe6 16. Bd3 Nxg3 17. hxg3 e5 18. Bc2 Qd6 19. Nh2 Kg7 20. Qh5 e4 21. Rad1 Rae8 22. Ng4 Ne5 23. Bxe4 Nxg4 24. Qxg4 Qf6 25. Rxd5 Bxf2+ 26. Kh1 Rxe4 27. Qxe4 Qf7 28. Rxf2 Qxf2 29. Rd7+ Rf7 30. Qxb7 Rxd7 31. Qxd7+ Kg6 32. Qd3+ Kf6 33. Qf3+ 1-0

[Event "BL2 Ost 1112 (Women)"]
[Site "Germany"]
[Date "2011.10.30"]
[Round "2.4"]
[White "Helmbold, Irene"]
[Black "Schaedler, Karin"]
[Result "1/2-1/2"]
[WhiteElo "2022"]
[BlackElo "2009"]
[PlyCount "82"]
[EventDate "2011.10.29"]
[EventType "team-tourn"]
[EventRounds "7"]
[EventCountry "GER"]
[SourceTitle "EXT 2013"]
[Source "ChessBase"]
[SourceDate "2012.11.22"]
[SourceVersion "1"]
[SourceVersionDate "2012.11.22"]
[SourceQuality "1"]
[WhiteTeam "Leipzig SG (W)"]
[BlackTeam "Torgelow (W)"]
[WhiteTeamCountry "GER"]
[BlackTeamCountry "GER"]

1. e4 d6 2. d4 g6 3. Nc3 Bg7 4. Bc4 c6 5. a4 Nd7 6. h3 c5 7. Nf3 cxd4 8. Nxd4 Ne5 9. Bb3 Nf6 10. 0-0 0-0 11. Kh1 Ned7 12. Re1 Nc5 13. Ba2 Bd7 14. f4 Ne8 15. Be3 Nc7 16. Qf3 N5e6 17. Nce2 Nxd4 18. Bxd4 Bxd4 19. Nxd4 Ne6 20. Nxe6 Bxe6 21. Bxe6 fxe6 22. Qg4 Qd7 23. h4 Rac8 24. h5 Kg7 25. Ra3 Rc5 26. Rg3 Qe8 27. b4 Rc4 28. Qxe6 Qf7 29. Qxf7+ Rxf7 30. f5 Rf6 31. c3 Kf7 32. hxg6+ hxg6 33. fxg6+ Rxg6 34. Rf3+ Ke6 35. Kg1 Rg4 36. Kf2 Rgxe4 37. Rxe4+ Rxe4 38. Re3 Kf5 39. Kf3 Rf4+ 40. Ke2 e5 41. Rh3 a5 1/2-1/2

[Event "BL 0809 (Women)"]
[Site "Germany"]
[Date "2008.11.08"]
[Round "1.6"]
[White "Osmanodja, Filiz"]
[Black "Helmbold, Irene"]
[Result "1/2-1/2"]
[WhiteElo "1939"]
[BlackElo "2006"]
[PlyCount "80"]
[EventDate "2008.11.08"]
[EventType "team-tourn"]
[EventRounds "11"]
[EventCountry "GER"]
[SourceTitle "EXT 2010"]
[Source "ChessBase"]
[SourceDate "2010.11.25"]
[SourceVersion "1"]
[SourceVersionDate "2010.11.25"]
[SourceQuality "1"]
[WhiteTeam "Dresden USV (W)"]
[BlackTeam "Leipzig Gohlis (W)"]
[WhiteTeamCountry "GER"]
[BlackTeamCountry "GER"]

1. e4 c5 2. Nf3 e6 3. d4 cxd4 4. Nxd4 Nf6 5. Nc3 d6 6. Be3 a6 7. Be2 Qc7 8. f4 b5 9. a3 Bb7 10. Bf3 Nbd7 11. Qe2 Be7 12. 0-0 0-0 13. Kh1 Rfd8 14. Rae1 Nc5 15. Bg1 d5 16. e5 Nfe4 17. Nd1 Rab8 18. Nf2 Nxf2+ 19. Bxf2 Ne4 20. c3 Ba8 21. Bg3 g6 22. Rc1 Qd7 23. Rfd1 Qe8 24. Qe1 Rdc8 25. Bh4 Rc7 26. Bxe7 Qxe7 27. Nb3 Nc5 28. Nxc5 Rxc5 29. Rd4 Qc7 30. Qd2 a5 31. Ra1 Qb6 32. h3 Rbc8 33. Be2 Rb8 34. Bd3 Rc7 35. Qe1 Qc5 36. Qh4 Qe7 37. Qxe7 Rxe7 38. Kg1 Bc6 39. Kf2 Kg7 40. Ke3 Reb7 1/2-1/2

[Event "GER-chT U20 Girls"]
[Site "Naunhof"]
[Date "2005.12.30"]
[Round "7.3"]
[White "Erben, Larissa"]
[Black "Helmbold, Irene"]
[Result "0-1"]
[WhiteElo "1764"]
[BlackElo "1936"]
[PlyCount "58"]
[EventDate "2005.12.27"]
[EventType "team-swiss"]
[EventRounds "7"]
[EventCountry "GER"]
[SourceTitle "CBM 110 Extra"]
[Source "ChessBase"]
[SourceDate "2006.03.10"]
[SourceVersion "2"]
[SourceVersionDate "2006.03.10"]
[SourceQuality "1"]

1. e4 c5 2. Nf3 e6 3. d4 cxd4 4. Nxd4 Nf6 5. Nc3 d6 6. f3 a6 7. Be3 Qc7 8. Qd2 b5 9. 0-0-0 Nbd7 10. Bxb5 Rb8 11. Ba4 Qb7 12. Bb3 Nc5 13. g4 Be7 14. g5 Nfd7 15. h4 Ne5 16. Qe2 Bd7 17. Kb1 a5 18. f4 Nc6 19. Bc1 Qb4 20. Nf3 a4 21. a3 Qa5 22. Nxa4 Nxa4 23. h5 Nc5 24. Ba2 Qxa3 25. b3 Qa7 26. Be3 Nb4 27. c4 Nxa2 28. Bxc5 Nc3+ 29. Kb2 Qa2+ 0-1

[Event "Hamburg Junge op"]
[Site "Hamburg"]
[Date "2005.10.03"]
[Round "3"]
[White "Helmbold, Irene"]
[Black "Zimmermann, Manfred"]
[Result "1-0"]
[WhiteElo "1992"]
[BlackElo "1671"]
[PlyCount "35"]
[EventDate "2005.10.01"]
[EventType "swiss"]
[EventRounds "9"]
[EventCountry "GER"]
[SourceTitle "CBM 108 Extra"]
[Source "ChessBase"]
[SourceDate "2005.11.04"]
[SourceVersion "1"]
[SourceVersionDate "2005.11.04"]
[SourceQuality "1"]

1. e4 c5 2. Nf3 d6 3. d4 cxd4 4. Nxd4 Nf6 5. Nc3 a6 6. Be3 e6 7. Be2 Be7 8. f4 b5 9. Bf3 Bb7 10. e5 Nd5 11. Nxd5 exd5 12. e6 f6 13. 0-0 Qc7 14. f5 Nc6 15. Bh5+ Kd8 16. Nxc6+ Qxc6 17. Bd4 Kc7 18. Rf3 1-0

[Event "Hamburg Junge op"]
[Site "Hamburg"]
[Date "2005.10.01"]
[Round "1"]
[White "Helmbold, Irene"]
[Black "Zierke, Oliver"]
[Result "1/2-1/2"]
[WhiteElo "1992"]
[BlackElo "2304"]
[PlyCount "47"]
[EventDate "2005.10.01"]
[EventType "swiss"]
[EventRounds "9"]
[EventCountry "GER"]
[SourceTitle "CBM 108 Extra"]
[Source "ChessBase"]
[SourceDate "2005.11.04"]
[SourceVersion "1"]
[SourceVersionDate "2005.11.04"]
[SourceQuality "1"]

1. e4 c5 2. Nf3 Nc6 3. d4 cxd4 4. Nxd4 Nf6 5. Nc3 d6 6. Be3 e5 7. Nb3 Be7 8. f3 Be6 9. Qd2 d5 10. exd5 Nxd5 11. Nxd5 Qxd5 12. Qxd5 Bxd5 13. 0-0-0 Rd8 14. Bb5 0-0 15. Kb1 a6 16. Bd3 f5 17. Bb6 Rd6 18. Rhe1 e4 19. fxe4 Bxe4 20. Bc5 Rdd8 21. Bb6 Rd6 22. Bc5 Rdd8 23. Bb6 Rd6 24. Bc5 1/2-1/2

[Event "Nuremberg LGA Cup 2nd"]
[Site "Nuremberg"]
[Date "2005.09.09"]
[Round "2.26"]
[White "Opitz, Alexander"]
[Black "Helmbold, Irene"]
[Result "1/2-1/2"]
[WhiteElo "2113"]
[BlackElo "1884"]
[PlyCount "107"]
[EventDate "2005.09.08"]
[EventType "swiss"]
[EventRounds "7"]
[EventCountry "GER"]
[SourceTitle "EXT 2022"]
[Source "ChessBase"]
[SourceDate "2021.10.06"]
[SourceVersion "1"]
[SourceVersionDate "2021.10.06"]
[SourceQuality "1"]

1. e4 c5 2. c3 d5 3. exd5 Qxd5 4. d4 Nf6 5. Nf3 Bg4 6. Be2 e6 7. h3 Bh5 8. 0-0 Nc6 9. a3 Be7 10. Be3 cxd4 11. cxd4 0-0 12. Nc3 Qd6 13. Qb3 Rfd8 14. Rfd1 Rac8 15. Rac1 Qb8 16. d5 Nxd5 17. Nxd5 Rxd5 18. Rxd5 exd5 19. Qxd5 Bg6 20. b4 Rd8 21. Qc4 Bd6 22. b5 Ne5 23. Qa4 Nxf3+ 24. Bxf3 b6 25. Qa6 h6 26. a4 Bf5 27. Qb7 Rc8 28. Qxb8 Bxb8 29. Bc6 Rd8 30. g4 Be6 31. a5 bxa5 32. Ra1 Bc4 33. Rxa5 Rd1+ 34. Kg2 Rb1 35. Bxa7 Bxa7 36. Rxa7 Bf1+ 37. Kh2 Rb3 38. Ra8+ Kh7 39. Rb8 Bxh3 40. b6 Bf1 41. Bd5 Rb4 42. Bxf7 Rxg4 43. b7 Rb4 44. Bd5 Ba6 45. Ra8 Bxb7 46. Rb8 Bxd5 47. Rxb4 h5 48. Kg3 g6 49. Kh4 Kh6 50. Rb6 Be4 51. f4 Bf5 52. Rc6 Bg4 53. Rc8 Kg7 54. Rb8 1/2-1/2

[Event "Nuremberg LGA Cup 2nd"]
[Site "Nuremberg"]
[Date "2005.09.08"]
[Round "1.64"]
[White "Helmbold, Irene"]
[Black "Sabnew, Andrej"]
[Result "1-0"]
[WhiteElo "1884"]
[BlackElo "1203"]
[PlyCount "87"]
[EventDate "2005.09.08"]
[EventType "swiss"]
[EventRounds "7"]
[EventCountry "GER"]
[SourceTitle "EXT 2022"]
[Source "ChessBase"]
[SourceDate "2021.10.06"]
[SourceVersion "1"]
[SourceVersionDate "2021.10.06"]
[SourceQuality "1"]

1. e4 e5 2. Nf3 Nc6 3. Nc3 Bc5 4. Nxe5 Bxf2+ 5. Kxf2 Nxe5 6. d4 Ng6 7. Bc4 d6 8. Rf1 Nf6 9. Kg1 0-0 10. Bg5 c6 11. Qf3 b5 12. e5 dxe5 13. Bxb5 Qxd4+ 14. Be3 Qg4 15. Bxc6 Qxf3 16. Bxf3 Rb8 17. Rab1 a6 18. Ba7 Rb4 19. Bc5 Rb8 20. Bxf8 Kxf8 21. Ne4 Nxe4 22. Bxe4 Rb6 23. g3 Be6 24. b3 Bh3 25. Rf2 a5 26. Rd1 Ke7 27. Rd5 a4 28. Bxg6 hxg6 29. Rxe5+ Kf8 30. Rd2 Rb8 31. Red5 axb3 32. cxb3 Re8 33. Rd8 Rxd8 34. Rxd8+ Ke7 35. Rd4 g5 36. Kf2 f6 37. b4 Ke6 38. a4 Ke5 39. Rd8 g6 40. b5 Be6 41. b6 Bd5 42. Rxd5+ Kxd5 43. b7 f5 44. b8Q 1-0

[Event "GER-ch U18 Girls"]
[Site "Willingen"]
[Date "2004.06.03"]
[Round "8"]
[White "Helmbold, Irene"]
[Black "Schoene, Maria"]
[Result "0-1"]
[WhiteElo "1990"]
[BlackElo "2037"]
[PlyCount "64"]
[EventDate "2004.06.??"]
[EventType "swiss"]
[EventRounds "9"]
[EventCountry "GER"]
[SourceTitle "EXT 2005"]
[Source "ChessBase"]
[SourceDate "2004.11.15"]
[SourceVersion "1"]
[SourceVersionDate "2004.11.15"]
[SourceQuality "1"]

1. e4 c5 2. Nf3 d6 3. d4 cxd4 4. Nxd4 Nf6 5. Nc3 g6 6. Be3 Bg7 7. Bc4 0-0 8. f3 Nc6 9. Qd2 Bd7 10. 0-0-0 Ne5 11. Bb3 Rc8 12. g4 b5 13. Kb1 a5 14. g5 Nh5 15. f4 Nc4 16. Bxc4 Rxc4 17. Nde2 Bg4 18. b3 Rc8 19. Nxb5 Bf3 20. Rhg1 Bxe4 21. Rc1 a4 22. Bd4 e5 23. Bb2 axb3 24. axb3 Qb6 25. Nxd6 Rcd8 26. fxe5 Bxe5 27. Bxe5 Qxb3+ 28. Bb2 Ra8 29. Nc3 Rfb8 30. Nc4 Qxc4 31. Rce1 Rxb2+ 32. Kxb2 Qb4+ 0-1

[Event "GER-ch U18 Girls"]
[Site "Willingen"]
[Date "2004.06.02"]
[Round "7"]
[White "Wolk, Friederike"]
[Black "Helmbold, Irene"]
[Result "1/2-1/2"]
[WhiteElo "1992"]
[BlackElo "1990"]
[PlyCount "81"]
[EventDate "2004.06.??"]
[EventType "swiss"]
[EventRounds "9"]
[EventCountry "GER"]
[SourceTitle "EXT 2005"]
[Source "ChessBase"]
[SourceDate "2004.11.15"]
[SourceVersion "1"]
[SourceVersionDate "2004.11.15"]
[SourceQuality "1"]

1. e4 c5 2. Nc3 a6 3. g3 b5 4. Bg2 Bb7 5. d3 e6 6. f4 Qc7 7. Nf3 d6 8. 0-0 Nd7 9. Qe2 Be7 10. Nd1 Ngf6 11. Nf2 Nb6 12. c3 d5 13. e5 Nfd7 14. f5 h6 15. fxe6 fxe6 16. Nh4 Qxe5 17. Qxe5 Nxe5 18. Re1 Nbd7 19. Bf4 Bxh4 20. Bxe5 Bf6 21. Bxf6 Nxf6 22. Rxe6+ Kd7 23. Bh3 Kd8 24. Rae1 Re8 25. Rxe8+ Nxe8 26. Ng4 Bc8 27. Kg2 Nd6 28. Ne5 Bxh3+ 29. Kxh3 Kc7 30. Ng6 Re8 31. Rxe8 Nxe8 32. Kg4 Kd6 33. Kf5 Nf6 34. Nf4 b4 35. cxb4 cxb4 36. Kg6 Ng4 37. Kxg7 Nxh2 38. Kxh6 Ke5 39. Ne2 Ng4+ 40. Kh5 Nf2 41. Nc1 1/2-1/2

[Event "GER-ch U18 Girls"]
[Site "Willingen"]
[Date "2004.06.01"]
[Round "6"]
[White "Helmbold, Irene"]
[Black "Zhang, Fan"]
[Result "1/2-1/2"]
[WhiteElo "1990"]
[BlackElo "1860"]
[PlyCount "99"]
[EventDate "2004.06.??"]
[EventType "swiss"]
[EventRounds "9"]
[EventCountry "GER"]
[SourceTitle "EXT 2005"]
[Source "ChessBase"]
[SourceDate "2004.11.15"]
[SourceVersion "1"]
[SourceVersionDate "2004.11.15"]
[SourceQuality "1"]

1. e4 e6 2. d4 d5 3. Nd2 c5 4. exd5 Qxd5 5. Ngf3 cxd4 6. Bc4 Qd6 7. 0-0 Nf6 8. Nb3 Nc6 9. Nbxd4 Nxd4 10. Nxd4 a6 11. c3 Qc7 12. Qe2 Bd6 13. h3 0-0 14. Bg5 Ne4 15. Be3 b5 16. Bd3 Bb7 17. Rad1 Bh2+ 18. Kh1 Be5 19. Nf3 Bf6 20. Bd4 Bxd4 21. Nxd4 Qf4 22. Nf3 Nc5 23. Qe5 Nxd3 24. Rxd3 Qc4 25. Rfd1 Qxa2 26. R1d2 Qc4 27. Qe3 Qe4 28. Qb6 Qc6 29. Qe3 a5 30. Rd7 Qc8 31. Ne5 Bd5 32. Qg5 Bc6 33. Nxc6 Qxc6 34. R2d4 h6 35. Qd2 a4 36. Rg4 Kh8 37. Qd4 e5 38. Qxe5 Qf6 39. Qxf6 gxf6 40. Rd6 a3 41. bxa3 Rxa3 42. Rxf6 Kh7 43. Rh4 Rxc3 44. Rfxh6+ Kg7 45. Rh7+ Kf6 46. R4h6+ Ke7 47. Rb6 Rc1+ 48. Kh2 Rc2 49. Rb7+ Kf6 50. Rb6+ 1/2-1/2

[Event "Leutersdorf Muench Braeu op 09th"]
[Site "Leutersdorf"]
[Date "2004.02.11"]
[Round "8"]
[White "Pietzsch, Manuel"]
[Black "Helmbold, Irene"]
[Result "1/2-1/2"]
[WhiteElo "2089"]
[BlackElo "1989"]
[PlyCount "82"]
[EventDate "2004.02.07"]
[EventType "swiss"]
[EventRounds "9"]
[EventCountry "GER"]
[SourceTitle "CBM 098 Extra"]
[Source "ChessBase"]
[SourceDate "2004.03.10"]
[SourceVersion "2"]
[SourceVersionDate "2004.03.10"]
[SourceQuality "1"]

1. e4 c5 2. Nc3 e6 3. g3 d6 4. d3 a6 5. Bg2 Qc7 6. Be3 Nd7 7. f4 Be7 8. Nf3 b6 9. 0-0 Bb7 10. a4 Ngf6 11. Nd2 d5 12. Bf2 d4 13. Ncb1 h5 14. h3 0-0-0 15. Nf3 Nh7 16. h4 Ndf6 17. Nh2 Nd7 18. Qxh5 f6 19. Qg6 Rdg8 20. Qf7 Ndf8 21. c3 Qd8 22. cxd4 cxd4 23. Nf3 Bc6 24. Rc1 Kb7 25. Rxc6 Kxc6 26. Nxd4+ Kc7 27. Na3 Qd7 28. Qh5 Bc5 29. Rc1 Kb8 30. Rxc5 g6 31. Qf3 bxc5 32. Nb3 e5 33. Nxc5 Qc6 34. Qd1 Nd7 35. Qb3+ Ka8 36. Nxd7 Qxd7 37. Nc4 Qb7 38. Nb6+ Kb8 39. Nd7+ Ka8 40. Nb6+ Kb8 41. Nd7+ Ka8 1/2-1/2

[Event "GER-chT U16"]
[Site "Burg Stargard"]
[Date "2002.12.29"]
[Round "6.4"]
[White "Schneidler, Timo"]
[Black "Helmbold, Irene"]
[Result "0-1"]
[WhiteElo "1162"]
[BlackElo "1609"]
[PlyCount "118"]
[EventDate "2002.12.27"]
[EventType "team"]
[EventRounds "7"]
[EventCountry "GER"]
[SourceTitle "CBM 092 Extra"]
[Source "ChessBase"]
[SourceDate "2003.03.07"]
[SourceVersion "1"]
[SourceVersionDate "2003.03.07"]
[SourceQuality "1"]

1. e4 c5 2. c3 d5 3. exd5 Qxd5 4. d4 Nc6 5. Be3 cxd4 6. cxd4 Nf6 7. Nc3 Qa5 8. Nf3 Bg4 9. Be2 e6 10. a3 Be7 11. 0-0 0-0 12. h3 Bh5 13. b4 Qc7 14. Na4 Rfd8 15. Rc1 Qd7 16. Nc5 Bxc5 17. dxc5 Qc7 18. Qb3 Nd5 19. Rfe1 Bg6 20. Nh4 Be4 21. Bf3 Bxf3 22. Nxf3 a6 23. Bd4 Ndxb4 24. axb4 Nxd4 25. Nxd4 Rxd4 26. Red1 Rad8 27. Rxd4 Rxd4 28. Rd1 Qd7 29. Ra1 h6 30. Qf3 Rxb4 31. c6 Qxc6 32. Qxc6 bxc6 33. Rxa6 Rc4 34. Kh2 Kf8 35. Kg3 Ke7 36. Ra7+ Kf6 37. Kf3 Rd4 38. Ra5 Rd5 39. Ra1 c5 40. Rc1 Ke5 41. Re1+ Kd4 42. Rd1+ Kc3 43. Ra1 c4 44. Kg3 Kb2 45. Ra7 c3 46. Rb7+ Kc1 47. Rxf7 c2 48. Rxg7 Rg5+ 49. Rxg5 hxg5 50. Kg4 Kd1 51. Kxg5 c1Q+ 52. Kg4 Ke2 53. f4 Kf2 54. g3 Qc3 55. f5 Qxg3+ 56. Kh5 exf5 57. h4 f4 58. Kh6 Qxh4+ 59. Kg6 Ke3 0-1

[Event "GER-chT U16"]
[Site "Burg Stargard"]
[Date "2002.12.28"]
[Round "4.4"]
[White "Helmbold, Irene"]
[Black "Hauser, Anna"]
[Result "1-0"]
[WhiteElo "1609"]
[BlackElo "1112"]
[PlyCount "79"]
[EventDate "2002.12.27"]
[EventType "team"]
[EventRounds "7"]
[EventCountry "GER"]
[SourceTitle "CBM 092 Extra"]
[Source "ChessBase"]
[SourceDate "2003.03.07"]
[SourceVersion "1"]
[SourceVersionDate "2003.03.07"]
[SourceQuality "1"]

1. e4 e5 2. Nf3 Nc6 3. Nc3 Nf6 4. d4 exd4 5. Nd5 Nxd5 6. exd5 Ne7 7. d6 Nc6 8. Qe2+ Ne7 9. dxe7 Bxe7 10. Nxd4 0-0 11. Be3 Bb4+ 12. c3 Bc5 13. Qd2 c6 14. Be2 d5 15. 0-0 Qd6 16. Bd3 Bd7 17. Qc2 g6 18. Rad1 Rfe8 19. c4 Bb6 20. cxd5 cxd5 21. Rfe1 Rac8 22. Qd2 Bc7 23. g3 Bh3 24. Bf4 Rxe1+ 25. Qxe1 Qd7 26. Bb5 Qd8 27. Bxc7 Qxc7 28. Bf1 Bg4 29. Rd3 Qc4 30. Nb3 Qc2 31. Qd2 Qb1 32. Rxd5 Bh3 33. Qd1 Qxd1 34. Rxd1 Bxf1 35. Kxf1 Kg7 36. Rd7 Rc2 37. Rxb7 Rxb2 38. Rxa7 Rb1+ 39. Kg2 Ra1 40. a4 1-0

[Event "Leutersdorf Muench Braeu op 07th"]
[Site "Leutersdorf"]
[Date "2002.02.17"]
[Round "9"]
[White "Oney, Remel"]
[Black "Helmbold, Irene"]
[Result "0-1"]
[WhiteElo "1091"]
[BlackElo "1533"]
[PlyCount "54"]
[EventDate "2002.02.11"]
[EventType "swiss"]
[EventRounds "9"]
[EventCountry "GER"]
[SourceTitle "CBM 086 Extra"]
[Source "ChessBase"]
[SourceDate "2002.03.14"]
[SourceVersion "1"]
[SourceVersionDate "2002.03.14"]
[SourceQuality "1"]

1. d4 Nf6 2. c4 g6 3. Nc3 d6 4. Nf3 Bg7 5. Bf4 0-0 6. e4 c5 7. Be2 cxd4 8. Nxd4 e5 9. Be3 exd4 10. Bxd4 Nc6 11. Be3 Re8 12. Bf3 Ne5 13. Qe2 Qc7 14. b3 Nxf3+ 15. Qxf3 Nxe4 16. Nd5 Qd8 17. Rc1 Nf6 18. 0-0 Nxd5 19. Qxd5 Be5 20. Rcd1 Qe7 21. Rfe1 Bg4 22. Rd3 Qh4 23. h3 Bf5 24. Rdd1 Bc2 25. Rc1 Be4 26. Bg5 Qxg5 27. Qxe4 Bh2+ 0-1

[Event "Leutersdorf Muench Braeu op 07th"]
[Site "Leutersdorf"]
[Date "2002.02.16"]
[Round "8"]
[White "Schiwarth, Nino"]
[Black "Helmbold, Irene"]
[Result "0-1"]
[WhiteElo "1629"]
[BlackElo "1533"]
[PlyCount "40"]
[EventDate "2002.02.11"]
[EventType "swiss"]
[EventRounds "9"]
[EventCountry "GER"]
[SourceTitle "CBM 086 Extra"]
[Source "ChessBase"]
[SourceDate "2002.03.14"]
[SourceVersion "1"]
[SourceVersionDate "2002.03.14"]
[SourceQuality "1"]

1. e4 c5 2. Nf3 d6 3. d4 cxd4 4. Nxd4 Nf6 5. Nc3 a6 6. Be3 e6 7. f3 Qc7 8. Qd2 b5 9. Bd3 Bb7 10. Qf2 Nbd7 11. 0-0 Be7 12. Qg3 Ne5 13. f4 Nc4 14. e5 dxe5 15. fxe5 Nxe3 16. Qxe3 Ng4 17. Qg3 Nxe5 18. Qxg7 0-0-0 19. Rxf7 Nxf7 20. Nxe6 Qb6+ 0-1

[Event "Leutersdorf Muench Braeu op 07th"]
[Site "Leutersdorf"]
[Date "2002.02.13"]
[Round "4"]
[White "Prasse, Uwe"]
[Black "Helmbold, Irene"]
[Result "1-0"]
[WhiteElo "2032"]
[BlackElo "1533"]
[PlyCount "63"]
[EventDate "2002.02.11"]
[EventType "swiss"]
[EventRounds "9"]
[EventCountry "GER"]
[SourceTitle "CBM 086 Extra"]
[Source "ChessBase"]
[SourceDate "2002.03.14"]
[SourceVersion "1"]
[SourceVersionDate "2002.03.14"]
[SourceQuality "1"]

1. d4 Nf6 2. c4 g6 3. Nc3 d6 4. e4 Bg7 5. f4 0-0 6. Nf3 c5 7. d5 e6 8. dxe6 Bxe6 9. Bd3 Re8 10. 0-0 Na6 11. f5 Bd7 12. Bg5 Bc6 13. fxg6 fxg6 14. Nh4 Nb4 15. Bb1 Rf8 16. a3 Na6 17. Bc2 Nc7 18. Qd2 Ne6 19. Nf3 Qd7 20. Rad1 Rad8 21. Bh4 a6 22. Bg3 Ne8 23. Kh1 b6 24. Qc1 Qb7 25. Nd5 b5 26. b3 bxc4 27. bxc4 Bb2 28. Qh6 Bxa3 29. Ng5 Rxf1+ 30. Rxf1 Qg7 31. Qxg7+ N8xg7 32. Ne7+ 1-0